Länder mit U-Bahn - Statistiken

Allgemein
  • Dieses Quiz wurde 560 mal gespielt
    463 seit der letzten Aktualisierung
  • Das Durchschnittsergebnis liegt bei 48 aus 63
Antwortstatistiken
Länder % Korrekt
Deutschland
99%
Vereinigte Staaten
97%
China
96%
Russland
96%
Spanien
96%
Frankreich
95%
Schweden
95%
Brasilien
94%
Kanada
94%
Vereinigtes Königreich
94%
Italien
93%
Japan
93%
Norwegen
93%
Polen
93%
Argentinien
91%
Portugal
91%
Mexiko
90%
Österreich
90%
Australien
89%
Finnland
89%
Schweiz
89%
Griechenland
87%
Belgien
86%
Indien
86%
Niederlande
86%
Dänemark
85%
Türkei
85%
Ukraine
85%
Ägypten
84%
Tschechien
84%
Sudkorea
83%
Chile
81%
Ungarn
81%
Saudi- Arabien
77%
Indonesien
76%
Thailand
76%
Weißrussland
76%
Kolumbien
75%
Rumänien
75%
Iran
73%
Peru
73%
Bulgarien
72%
Nordkorea
71%
Vereinigte Arabische Emirates
68%
Venezuela
67%
Vietnam
67%
Kasachstan
63%
Singapur
61%
Pakistan
60%
Malaysia
59%
Taiwan
58%
Ecuador
55%
Algerien
54%
Aserbaidschan
54%
Armenien
53%
Katar
52%
Philippinen
48%
Bangladesch
46%
Georgien
46%
Usbekistan
46%
Panama
44%
Nigeria
37%
Dominikanische Republik
17%
Keine übereinstimmenden Quizze gefunden
Verteilung der Resultate
Anzahl Personen mit jedem Resultat
Perzentil nach korrekt beantworteten Fragen
Ihre Resultats-Entwicklung
Sie haben dieses Quiz seit der letzten Aktualisierung nicht gespielt